So zanedbateľným rizikom

Bankové investičné produkty. Ponuka bánk pre investorskú verejnosť. Termínované účty. Vkladné knižky. Poplatky za zriadenie. Sankcie za porušenie výpovednej lehoty. Zaistené vklady.

Na minha lista:
Detalhes bibliográficos
Autor principal: Škriniar, Pavel, 1979-
Formato: Capítulo de Livro
Idioma:eslovaco
Assuntos:
Tags: Adicionar Tag
Sem tags, seja o primeiro a adicionar uma tag!

MARC

LEADER 00000naa$a2200000$$$4500
001 0053512
005 20240502071623.6
041 0 |a slo 
044 |a SK 
245 1 0 |a So zanedbateľným rizikom  |c Pavel Škriniar 
520 |a Bankové investičné produkty. Ponuka bánk pre investorskú verejnosť. Termínované účty. Vkladné knižky. Poplatky za zriadenie. Sankcie za porušenie výpovednej lehoty. Zaistené vklady. 
610 2 0 |a investovanie 
610 2 0 |a produkty 
610 2 0 |a účty termínové 
610 2 0 |a knižky vkladné 
610 2 0 |a poplatky 
610 2 0 |a vklady 
610 2 0 |a riziko bankové 
100 1 |a Škriniar, Pavel, 1979-